Biblioteca

AD 2000 and the 10/40 Window : (Registro nro. 57260)

Detalles MARC
000 -LÍDER
Campo fijo de descripción fija 01542aac a2200241 i 4500
001 - NÚMERO DE CONTROL
Campo de control 768714001
003 - IDENTIFICADOR DEL NÚMERO DE CONTROL
Campo de control CO-MdFUSB
005 - FECHA Y HORA DE LA ULTIMA TRANSACCIÓN
control field 20240808160005.0
008 - ELEMENTOS DE LONGITUD FIJA -- INFORMACIÓN GENERAL
Campo fijo de descripción fija -- Información general 240808t2000 -us||||| |||| 00| 0 eng d
040 ## - FUENTE DE CATALOGACIÓN
Idioma de catalogación spa
Agencia que realiza la transcripción CO-MdFUSB
041 ## - CÓDIGO DE IDIOMA
Código de idioma para texto/pista de sonido o título separado eng
100 1# - ASIENTO PRINCIPAL--NOMBRE PERSONAL
Nombre personal Code, Robert T.
Término relacionador autor
245 10 - TÍTULO
Título AD 2000 and the 10/40 Window :
Subtitulo a preliminary assessment
Mención de responsabilidad / Robert T. Code
520 ## - NOTA DE RESUMEN, ETC.
Nota de sumario, etc. Robert T. Coote evalúa un fervor más reciente pero similar por la evangelización mundial: el movimiento del año 2000 y su preocupación por los 2.000 a 10.000 grupos de personas que aún no han sido alcanzados. Una preocupación central del movimiento es la concentración de los pueblos menos evangelizados que ocupan una gran franja a lo largo de Asia y África llamada la Ventana 10/40. Algunos de nuestros lectores pueden pensar que esta campaña del año 2000 parece la iniciativa de unos pocos evangélicos marginales. Pero, como señala Coote, vincular los nuevos esfuerzos de evangelización mundial con la fecha del 31 de diciembre de 2000 captó la atención y las energías de un número significativo de protestantes tradicionales y católicos romanos, así como de evangélicos.
546 ## - NOTA DE IDIOMA
Nota de idioma Texto en inglés.
600 ## - PUNTO DE ACCESO ADICIONAL DE MATERIA - NOMBRE DE PERSONA
Subdivisión cronológica protestantismo
650 #0 - ASIENTO SECUNDARIO DE MATERIA - TERMINO TEMÁTICO
Término temático o nombre geográfico como elemento de entrada Evangelización
9 (RLIN) 362
650 #0 - ASIENTO SECUNDARIO DE MATERIA - TERMINO TEMÁTICO
Término temático o nombre geográfico como elemento de entrada Misiones
9 (RLIN) 154
650 #0 - ASIENTO SECUNDARIO DE MATERIA - TERMINO TEMÁTICO
Término temático o nombre geográfico como elemento de entrada Protestantismo
9 (RLIN) 947
773 0# - ASIENTO DE ITEM FUENTE
Título International Bulletin
Biblionumber 49483
Itemnumber 60998
Parte(s) relacionada(s) / Volumen., número. (mes año), páginas Volumen 24, (número 4, 2000), páginas: 160 - 166
Enumeración y primera página página: 160
942 ## - TIPO DE MATERIAL (KOHA)
Tipo de Item KOHA Artículos de Revista
945 ## - INFORMACIÓN LOCAL DEL REGISTRO
Catalogador Catherine Arias Álvarez - Practicante SENA

No hay ítems disponibles.

Biblioteca FUSBC | Teléfono: (57+4) 349 88 10 Ext. 141| WhatsApp (+57) 3005338115 
E-mail: biblioteca@unisbc.edu.co | Calle 76 87-14 Robledo Palenque, Medellín, Colombia

Con tecnología Koha